00964 a2200217 4500003000500000005001700005010001600022020002200038040000900060082001200069245016100081260005100242300003300293490004200326505024800368650003200616700001800648700001700666740002500683830003800708Nust20221202115217.0 a 86017650 a0387168389 (U.S.) cNust00a539,QUA00aQuantum optics IV :bproceedings of the fourth international symposium, Hamilton, New Zealand, February 10-15, 1986 / ceditors, J.D. Harvey and D.F. Walls. aBerlin ;aNew York :bSpringer-Verlag,cc1986. aix, 285 p. :bill. ;c25 cm.1 aSpringer proceedings in physics ;v12 aPart: I Squeezed States of Light (Page-1), Part: II Optical Bistability and Chaos (Page-110), Part: II Fundamentals Problems in Quantum Mechanics (Page-162), Part: IV Optical Test of General Relativity and Other Contributions (Page-254).  0aQuantum opticsxCongresses.1 aHarvey, J. D.1 aWalls, D. F.0 aQuantum optics four. 0aSpringer proceedings in physics ;